000 00275nam a2200121Ia 4500
005 20251222141828.0
008 251222s9999||||xx |||||||||||||| ||spa||
082 _a510.7/H53
100 _aHilares, Johan
245 0 _aArtificios y Técnicas:
264 _bNewton
942 _cLIB
999 _c7015
_d7015